000 01309nam a22003257a 4500
001 BR8200617
003 BR-BrBNA
005 20230928091234.0
007 ta
008 230509b bl.||||| |||| 00| 0 por d
040 _aBR-BrBNA
_bpor
_cBiblioteca Nacional de Agricultura
041 _a(Por)
072 _aF25; F60
_b0336
_b3830
_b/G514
_b/GZ74
090 _ 0336 BR8200617
100 1 _aFernandes, F.M.
110 1 _aEscola Superior de Agricultura Luiz de Queiroz, Piracicaba, SP (Brasil)
_0Tese (Mestre em Solos e Nutricao de Plantas)
245 1 _aComparacao de fontes e doses de adubos fosfatados na cultura da soja (Glycine max (L.)Merril), em solo de cerrado [Latossolo vermelho escuro; Brasil]
246 1 _aComparison of sources and levels of phosphatic fertilizer applied in a cerrado soil and their effects on yield of soybean (Glycine max (L.)Merril)crop [Dark red latosol; Brazil]
260 3 _aPiracicaba, SP (Brasil):
_c1981.
300 _a91 p.
500 _a6 illus.; 27 tables; Bibliography p. 65-74 (63 ref.); Summaries (Eng, Por)
650 _aFertilidade do solo
650 _aNutricao vegetal
650 _aSoja
650 _aFertilizante fosfatado
650 _aLatossolo vermelho escuro
650 _aCerrado
909 _a202309
_bLucia
_c55
_dLucia Elande
942 _cBK
999 _c32988
_d32988